Library of the University of Algiers 3
Ibrahim Sultan Cheibout
شعار جامعة الجزائر 3
مكتبة جامعة الجزائر 3
إبراهيم سلطان شيبوط

التسويق الداخلي (يدرس في تسويق الخدمات والتسويق الاستراتيجي للخدمات) / (رقم التسجيلة. 41055)

تفاصيل مارك
000 -LEADER
fixed length control field 02493nam a2200217Ia 4500
003 - CONTROL NUMBER IDENTIFIER
control field Ost
005 - DATE AND TIME OF LATEST TRANSACTION
control field 20260416102352.0
008 - FIXED-LENGTH DATA ELEMENTS--GENERAL INFORMATION
fixed length control field 260416s9999||||xx |||||||||||||| ||und||
040 ## - CATALOGING SOURCE
Transcribing agency fsecg
041 ## - LANGUAGE CODE
Language code of text/sound track or separate title ara
082 ## - DEWEY DECIMAL CLASSIFICATION NUMBER
Classification number 658.8
100 ## - MAIN ENTRY--PERSONAL NAME
Personal name جنادي، كريم
Relator term مؤلف
245 #0 - TITLE STATEMENT
Title التسويق الداخلي (يدرس في تسويق الخدمات والتسويق الاستراتيجي للخدمات) /
Statement of responsibility, etc. كريم جنادي
260 ## - PUBLICATION, DISTRIBUTION, ETC.
Place of publication, distribution, etc. الجزائر
Name of publisher, distributor, etc. جامعة الجزائر3: كلية العلوم الإقتصادية، العلوم التجارية وعلوم التسيير
Date of publication, distribution, etc. 2017
300 ## - PHYSICAL DESCRIPTION
Extent 89 ورقة
Other physical details ايضاحات
Dimensions 30 سم
504 ## - BIBLIOGRAPHY, ETC. NOTE
Bibliography, etc. note مراجع ص.86
520 ## - SUMMARY, ETC.
Summary, etc. تعاريف حول التسويق الداخلي من زاوية اسهامات المفكرين التسويقيين، الدور الاستراتيجي للتسويق الداخلي كنظام سلوكي واداري، الأهداف البعيدة والقريبة لنظام التسويق الداخلي، شروط ومؤهلات نجاح نشاط ونظام التسويق الداخلي في المؤسسة المعاصرة، خصائص التسويق الداخلي، التسويق الداخلي بالمؤسسة البوصلة الاستراتيجية لنشاط الخدمات، محددات التسويق الداخلي، العوامل المؤيدة لانتشار وظهور التسويق الداخلي، الأنشطة الضرورية في تهيئة المؤسسة لتنفيذ التسويق الداخلي، العلاقات التسويقية الداخلية والخارجية ضمن فلسفة التسويق الداخلي، علاقة التسويق الداخلي ببعض المفاهيم الادارية المعاصرة، أنشطة واجراءات تطبيقية للتسويق الداخلي عمليا، نماذج التسويق الداخلي، التسويق الداخلي ومصداقية مؤسسة الخدمات، أثر التسويق الداخلي في تحقيق الميزة التنافسية للموارد البشرية في مؤسسة الخدمات، مساهمة التسويق الداخلي في تنمية ادارة الموارد البشرية لنشاط الخدمات استراتيجيا وعمليا.
653 ## - INDEX TERM--UNCONTROLLED
Uncontrolled term التسويق
710 ## - ADDED ENTRY--CORPORATE NAME
Corporate name or jurisdiction name as entry element جامعة الجزائر3: كلية العلوم الإقتصادية، العلوم التجارية وعلوم التسيير
Relator term ناشر علمي
942 ## - ADDED ENTRY ELEMENTS (KOHA)
Koha item type مطبوعات
المقتنيات
Withdrawn status Lost status Source of classification or shelving scheme Damaged status Not for loan Home library Current library Date acquired Serial enumeration / chronology Inventory number Total checkouts Full call number Barcode Date last seen Price effective from Koha item type
    Dewey Decimal Classification   NOT LOAN / إعارة داخلية مكتبة كلية العلوم الإقتصادية والعلوم التجارية وعلوم التسيير مكتبة كلية العلوم الإقتصادية والعلوم التجارية وعلوم التسيير 16/04/2026 الطابق الثاني مط.103-1   مط.103 ن1 مط.103-1 16/04/2026 16/04/2026 مطبوعات

موارد الويب المفتوحة


© University of Algiers 3 All Rights Reserved
|
Implemented by LECHELAH Riad